[Event "16PCR_ZK03"]
[Site "?"]
[Date "2005.??.??"]
[Round "?"]
[White "Binas, Jindrich"]
[Black "Majstr, Jiri"]
[Result "0-1"]
[WhiteElo "2114"]
[BlackElo "2006"]
[PlyCount "44"]
[EventDate "2005.??.??"]
[EventType "corr"]
[EventRounds "2"]
[SourceDate "2005.02.23"]

1. e4 e5 2. Nf3 Nc6 3. Bc4 Bc5 4. c3 Nf6 5. d4 exd4 6. cxd4 Bb4+ 7. Nc3 Nxe4 8.
O-O Bxc3 9. d5 Ne5 10. Bb3 O-O 11. bxc3 Nxc3 12. Qd2 Nxf3+ 13. gxf3 Nb5 14. Bb2
Nd6 15. Kh1 Kh8 16. Qh6 f6 17. Qh3 Rf7 18. Bc2 Qg8 19. Bg6 Nc4 20. Qh5 Rf8 21.
Bc3 d6 22. Rac1 c6 0-1

[Event "16PCR_ZK03"]
[Site "?"]
[Date "2005.??.??"]
[Round "?"]
[White "Binas, Jindrich"]
[Black "Matejka, Petr"]
[Result "1/2-1/2"]
[WhiteElo "2114"]
[BlackElo "2188"]
[PlyCount "59"]
[EventDate "2005.??.??"]
[EventType "corr"]
[EventRounds "2"]
[SourceDate "2005.02.23"]

1. e4 e5 2. Nf3 Nc6 3. Bc4 Bc5 4. c3 Nf6 5. d3 O-O 6. O-O d6 7. Bb3 Bg4 8. h3
Bh5 9. Nbd2 Re8 10. Re1 a6 11. Nf1 h6 12. Ng3 Bg6 13. Be3 Na5 14. Bc2 Bxe3 15.
Rxe3 c5 16. a3 b5 17. b4 Nb7 18. Bb3 a5 19. a4 axb4 20. cxb4 cxb4 21. axb5 Rxa1
22. Qxa1 Qa5 23. Re1 Rc8 24. Nh4 Rc3 25. Bc4 Bxe4 26. Qxa5 Nxa5 27. Nxe4 Nxe4
28. Rxe4 b3 29. Bxb3 Rxb3 30. Nf5 1/2-1/2

[Event "16PCR_ZK03"]
[Site "?"]
[Date "2005.??.??"]
[Round "?"]
[White "Binas, Jindrich"]
[Black "Tyrlik, Jaroslav"]
[Result "1/2-1/2"]
[WhiteElo "2114"]
[BlackElo "1965"]
[PlyCount "46"]
[EventDate "2005.??.??"]
[EventType "corr"]
[EventRounds "2"]
[SourceDate "2005.02.23"]

1. e4 e6 2. d4 d5 3. Nc3 Nf6 4. Bg5 dxe4 5. f3 exf3 6. Nxf3 Bb4 7. Bd3 c5 8.
O-O cxd4 9. Ne4 Be7 10. Ne5 Qd5 11. Bxf6 gxf6 12. Ng4 Nd7 13. Nexf6+ Nxf6 14.
Nxf6+ Bxf6 15. Rxf6 Bd7 16. Qe2 Bc6 17. Raf1 Rg8 18. R1f2 Rg7 19. Bc4 Qg5 20.
Bxe6 Qc1+ 21. Qf1 Qxf1+ 22. Kxf1 Bxg2+ 23. Ke2 Ke7 1/2-1/2

[Event "16PCR_ZK03"]
[Site "?"]
[Date "2005.??.??"]
[Round "?"]
[White "Lucan, Zdenko"]
[Black "Majstr, Jiri"]
[Result "0-1"]
[WhiteElo "1559"]
[BlackElo "2006"]
[PlyCount "40"]
[EventDate "2005.??.??"]
[EventType "corr"]
[EventRounds "2"]
[SourceDate "2005.02.23"]

1. c4 e5 2. Nc3 Nf6 3. e4 Bc5 4. Nd5 Nc6 5. d3 d6 6. Nf3 Ng4 7. Be3 Nxe3 8.
Nxe3 O-O 9. Nd5 Nd4 10. Nxd4 Bxd4 11. Rb1 c6 12. Nb4 f5 13. Nc2 Qa5+ 14. Ke2
fxe4 15. Nxd4 exd3+ 16. Qxd3 exd4 17. Qxd4 Re8+ 18. Kf3 Qf5+ 19. Kg3 Re4 20.
Qxe4 Qxe4 0-1

[Event "16PCR_ZK03"]
[Site "?"]
[Date "2005.??.??"]
[Round "?"]
[White "Lucan, Zdenko"]
[Black "Matejka, Petr"]
[Result "0-1"]
[WhiteElo "1559"]
[BlackElo "2188"]
[PlyCount "58"]
[EventDate "2005.??.??"]
[EventType "corr"]
[EventRounds "2"]
[SourceDate "2005.02.23"]

1. Nf3 Nf6 2. c4 e6 3. g3 d5 4. Bg2 c6 5. cxd5 exd5 6. d4 Bd6 7. Bg5 O-O 8. O-O
Re8 9. Nc3 Nbd7 10. Re1 h6 11. Bxf6 Nxf6 12. h3 Bf5 13. Nh4 Bh7 14. e3 Rb8 15.
a3 Qd7 16. Ne2 Ne4 17. Bxe4 Bxe4 18. g4 Qe7 19. Ng2 Bf3 20. Qd2 f5 21. gxf5 Qg5
22. Ng3 Bxg3 23. fxg3 Qxg3 24. Qf2 Qxh3 25. Rf1 Rxe3 26. Rfe1 Rbe8 27. Rxe3
Rxe3 28. Rf1 Bxg2 29. Qxg2 Rg3 0-1

[Event "16PCR_ZK03"]
[Site "?"]
[Date "2005.??.??"]
[Round "?"]
[White "Lucan, Zdenko"]
[Black "Portych, Vaclav"]
[Result "0-1"]
[WhiteElo "1559"]
[BlackElo "2024"]
[PlyCount "63"]
[EventDate "2005.??.??"]
[EventType "corr"]
[EventRounds "2"]
[SourceDate "2005.02.23"]

1. Nf3 c5 2. c4 Nc6 3. g3 g6 4. Bg2 Bg7 5. Nc3 Nf6 6. e3 O-O 7. d3 d5 8. cxd5
Nxd5 9. Nxd5 Qxd5 10. e4 Qd7 11. O-O Rd8 12. Ne1 c4 13. Rb1 cxd3 14. Qd2 Qd4
15. b3 Bg4 16. Bb2 Qb4 17. Qxb4 Nxb4 18. f3 Bxb2 19. Rxb2 d2 20. Rxd2 Rxd2 21.
fxg4 Rxa2 22. e5 Rb8 23. Rf3 b5 24. Rf4 a5 25. h4 Rd8 26. Rf2 Rxf2 27. Kxf2 a4
28. bxa4 bxa4 29. Bf1 a3 30. Bc4 a2 31. Nc2 Nxc2 32. Bxa2 0-1

[Event "16PCR_ZK03"]
[Site "?"]
[Date "2005.??.??"]
[Round "?"]
[White "Majstr, Jiri"]
[Black "Binas, Jindrich"]
[Result "1-0"]
[WhiteElo "2006"]
[BlackElo "2114"]
[PlyCount "43"]
[EventDate "2005.??.??"]
[EventType "corr"]
[EventRounds "2"]
[SourceDate "2005.02.23"]

1. e4 c5 2. Nf3 d6 3. d4 cxd4 4. Nxd4 Nf6 5. Nc3 g6 6. Be3 Bg7 7. Be2 Nc6 8.
O-O O-O 9. Qd2 Ng4 10. Bxg4 Bxg4 11. h3 Bd7 12. Rad1 Ne5 13. b3 Rc8 14. f4 Nc6
15. f5 Qa5 16. Nd5 Qxd2 17. Rxd2 Rfe8 18. f6 exf6 19. Nb5 Re6 20. Bf4 g5 21.
Bh2 Nb4 22. Nxd6 1-0

[Event "16PCR_ZK03"]
[Site "?"]
[Date "2005.??.??"]
[Round "?"]
[White "Majstr, Jiri"]
[Black "Lucan, Zdenko"]
[Result "1-0"]
[WhiteElo "2006"]
[BlackElo "1559"]
[PlyCount "55"]
[EventDate "2005.??.??"]
[EventType "corr"]
[EventRounds "2"]
[SourceDate "2005.02.23"]

1. e4 c6 2. d4 d5 3. e5 Bf5 4. Nf3 e6 5. Be2 Nd7 6. O-O Be7 7. Nbd2 f6 8. Nb3
b6 9. c4 dxc4 10. Bxc4 b5 11. Bd3 Bxd3 12. exf6 Ngxf6 13. Qxd3 O-O 14. Qe2 e5
15. dxe5 Nd5 16. Nbd4 Qb6 17. Qe4 Nc5 18. Qg4 g6 19. Bh6 Rf7 20. a3 Bf8 21. Bg5
h5 22. Qh4 Re8 23. Rac1 Be7 24. b4 Bxg5 25. Qxg5 Rg7 26. Rxc5 Nc7 27. Rxc6 Qb8
28. Rxg6 1-0

[Event "16PCR_ZK03"]
[Site "?"]
[Date "2005.??.??"]
[Round "?"]
[White "Majstr, Jiri"]
[Black "Peroutik, Jiri"]
[Result "0-1"]
[WhiteElo "2006"]
[BlackElo "1822"]
[PlyCount "52"]
[EventDate "2005.??.??"]
[EventType "corr"]
[EventRounds "2"]
[SourceDate "2005.02.23"]

1. e4 e5 2. d4 d5 3. dxe5 dxe4 4. Qxd8+ Kxd8 5. Nc3 Bf5 6. Nge2 Bb4 7. Bg5+ Kc8
8. O-O-O Nd7 9. Ng3 Bxc3 10. Be7 Bxb2+ 11. Kxb2 Nxe7 12. Re1 Nxe5 13. Nxe4 f6
14. f4 N5c6 15. Ng3 Bg6 16. Bc4 b5 17. Be6+ Kb7 18. h4 h5 19. a4 bxa4 20. f5
Be8 21. Rb1 a6 22. Ka3+ Ka7 23. Rhd1 Ne5 24. Ne2 Bc6 25. Nd4 Bb7 26. Nf3 Rad8
0-1

[Event "16PCR_ZK03"]
[Site "?"]
[Date "2005.??.??"]
[Round "?"]
[White "Majstr, Jiri"]
[Black "Tyrlik, Jaroslav"]
[Result "1-0"]
[WhiteElo "2006"]
[BlackElo "1965"]
[PlyCount "117"]
[EventDate "2005.??.??"]
[EventType "corr"]
[EventRounds "2"]
[SourceDate "2005.02.23"]

1. e4 e6 2. d4 d5 3. Nc3 Bb4 4. e5 c5 5. a3 Bxc3+ 6. bxc3 Ne7 7. Qg4 O-O 8. Nf3
Nf5 9. Bd3 Nc6 10. O-O c4 11. Bxf5 exf5 12. Qg3 Ne7 13. Bg5 Qd7 14. Rfe1 Ng6
15. h4 f4 16. Bxf4 Qf5 17. Bg5 h6 18. h5 hxg5 19. hxg6 Qxg6 20. Nxg5 Qxc2 21.
Qh4 a5 22. Ra2 Qg6 23. Rb2 Ra6 24. Re3 f6 25. Nh3 Qf7 26. a4 fxe5 27. Ng5 Qg6
28. dxe5 Qh6 29. Qxh6 gxh6 30. Nf3 Rf4 31. g3 Rf8 32. Nd4 Bd7 33. Rxb7 Bxa4 34.
e6 Bc6 35. Rc7 Be8 36. Rc8 Bg6 37. Rxf8+ Kxf8 38. e7+ Ke8 39. Ne6 d4 40. cxd4
Rc6 41. Ng7+ Kd7 42. e8=Q+ Bxe8 43. Nxe8 c3 44. d5 Rb6 45. Rxc3 Kxe8 46. Kg2
Kd7 47. Kf3 Kd6 48. Ra3 Rb5 49. Ke4 Rxd5 50. f4 Rb5 51. g4 Ke6 52. Rc3 Rb4+ 53.
Ke3 Rb6 54. Ra3 Rb5 55. Kf3 Kf6 56. Rc3 Rb6 57. Rc4 Kg6 58. Ra4 Rb3+ 59. Ke2
1-0

[Event "16PCR_ZK03"]
[Site "?"]
[Date "2005.??.??"]
[Round "?"]
[White "Matejka, Petr"]
[Black "Binas, Jindrich"]
[Result "1-0"]
[WhiteElo "2188"]
[BlackElo "2114"]
[PlyCount "47"]
[EventDate "2005.??.??"]
[EventType "corr"]
[EventRounds "2"]
[SourceDate "2005.02.23"]

1. e4 c5 2. Nf3 d6 3. d4 cxd4 4. Nxd4 Nf6 5. Nc3 g6 6. Be3 Bg7 7. Be2 Nc6 8.
O-O O-O 9. Re1 Bd7 10. Rb1 a6 11. Nxc6 bxc6 12. Qd2 Be6 13. a3 a5 14. Bh6 Qc7
15. Bf1 Bxh6 16. Qxh6 Ng4 17. Qh4 Ne5 18. Kh1 f6 19. f4 Nd7 20. f5 Bf7 21. Re3
g5 22. Qh6 Rfd8 23. Rh3 Nf8 24. Rg3 1-0

[Event "16PCR_ZK03"]
[Site "?"]
[Date "2005.??.??"]
[Round "?"]
[White "Matejka, Petr"]
[Black "Lucan, Zdenko"]
[Result "1-0"]
[WhiteElo "2188"]
[BlackElo "1559"]
[PlyCount "55"]
[EventDate "2005.??.??"]
[EventType "corr"]
[EventRounds "2"]
[SourceDate "2005.02.23"]

1. e4 c6 2. d4 d5 3. Nc3 dxe4 4. Nxe4 Bf5 5. Ng3 Bg6 6. h4 h6 7. Nf3 Nd7 8. Be2
e6 9. Bf4 h5 10. Bd3 Bxd3 11. Qxd3 Ngf6 12. O-O-O Be7 13. Rhe1 Nd5 14. Bg5
Bxg5+ 15. Nxg5 Qe7 16. Nf5 Qf6 17. Nd6+ Ke7 18. Ndxf7 Qxf7 19. Nxf7 Kxf7 20.
Qf3+ N7f6 21. Re5 g6 22. Rde1 Rae8 23. Qa3 a6 24. Qd6 Rhf8 25. Rxe6 Rxe6 26.
Rxe6 Re8 27. Rxe8 Nxe8 28. Qd7+ 1-0

[Event "16PCR_ZK03"]
[Site "?"]
[Date "2005.??.??"]
[Round "?"]
[White "Mikoska, Josef"]
[Black "Peroutik, Jiri"]
[Result "1/2-1/2"]
[WhiteElo "2134"]
[BlackElo "1822"]
[PlyCount "53"]
[EventDate "2005.??.??"]
[EventType "corr"]
[EventRounds "2"]
[SourceDate "2005.02.23"]

1. e4 e6 2. f4 d5 3. e5 c5 4. Nf3 Nc6 5. b3 Nge7 6. Bb2 Nf5 7. Bd3 Be7 8. O-O
O-O 9. Na3 a6 10. c3 c4 11. Bxf5 exf5 12. d4 b5 13. Nc2 Be6 14. Ne3 Na5 15. b4
Nc6 16. a4 h6 17. axb5 axb5 18. Qd2 Qd7 19. Rfe1 Rfe8 20. Qc2 Bf8 21. Reb1 g6
22. Qf2 Bg7 23. Nc2 Ne7 24. Qh4 Rec8 25. Bc1 Rcb8 26. Be3 Nc8 27. Qe1 1/2-1/2

[Event "16PCR_ZK03"]
[Site "?"]
[Date "2005.??.??"]
[Round "?"]
[White "Mikoska, Josef"]
[Black "Portych, Vaclav"]
[Result "1-0"]
[WhiteElo "2134"]
[BlackElo "2024"]
[PlyCount "123"]
[EventDate "2005.??.??"]
[EventType "corr"]
[EventRounds "2"]
[SourceDate "2005.02.23"]

1. e4 c5 2. b3 Nc6 3. Bb2 e6 4. Ne2 Nf6 5. Ng3 Be7 6. e5 Nd5 7. Bc4 O-O 8. O-O
Nb6 9. Bd3 d6 10. exd6 Bxd6 11. Re1 Qh4 12. Re4 Qh6 13. a4 Nd5 14. Na3 Nf4 15.
Qf3 Nxd3 16. Qxd3 Bc7 17. Qf3 e5 18. Nb5 Bb8 19. d3 a6 20. Na3 Nd4 21. Bxd4
exd4 22. Nc4 Be6 23. Nb6 Bxg3 24. Qxg3 Bf5 25. Nxa8 Bxe4 26. dxe4 Rxa8 27. Qc7
Qc6 28. Qxc6 bxc6 29. Kf1 Kf8 30. Ke2 Rb8 31. Kd3 Rb4 32. a5 Ke7 33. f4 Kd6 34.
Ra4 Rb8 35. Kc4 Rb5 36. g4 f6 37. h4 Ke6 38. g5 Kd6 39. Ra1 Ke6 40. gxf6 gxf6
41. h5 Kd6 42. h6 Rb4+ 43. Kd3 c4+ 44. bxc4 Kc5 45. Rh1 Rxc4 46. Rh5+ Kb4 47.
Rf5 c5 48. Rxf6 Rc3+ 49. Kd2 Rf3 50. e5 c4 51. Ke2 Re3+ 52. Kd1 Kc3 53. Rxa6
Rf3 54. e6 Rf1+ 55. Ke2 Rxf4 56. Rc6 Rf5 57. a6 Ra5 58. Kf3 Rf5+ 59. Ke4 Rf8
60. e7 Re8 61. Rc7 Kxc2 62. Kxd4 1-0

[Event "16PCR_ZK03"]
[Site "?"]
[Date "2005.??.??"]
[Round "?"]
[White "Mikoska, Josef"]
[Black "Tyrlik, Jaroslav"]
[Result "0-1"]
[WhiteElo "2134"]
[BlackElo "1965"]
[PlyCount "64"]
[EventDate "2005.??.??"]
[EventType "corr"]
[EventRounds "2"]
[SourceDate "2005.02.23"]

1. e4 e6 2. f4 c5 3. Qe2 Nc6 4. Nf3 Be7 5. c4 d5 6. d3 Nh6 7. g3 O-O 8. Bg2
Qa5+ 9. Bd2 Qb6 10. b3 dxc4 11. dxc4 Rd8 12. O-O Nd4 13. Qd3 a5 14. Nxd4 cxd4
15. e5 Nf5 16. Be4 h6 17. Bc1 Ne3 18. Rf2 Bd7 19. Ba3 Bxa3 20. Nxa3 Bc6 21.
Bxc6 bxc6 22. Nc2 a4 23. Rb1 axb3 24. Rxb3 Qc5 25. Nxe3 dxe3 26. Qxe3 Rd1+ 27.
Kg2 Qxc4 28. Qf3 Rc1 29. Qd3 Qd5+ 30. Qf3 Rd1 31. Rbb2 Rd3 32. Rb3 Rxf3 0-1

[Event "16PCR_ZK03"]
[Site "?"]
[Date "2005.??.??"]
[Round "?"]
[White "Peroutik, Jiri"]
[Black "Binas, Jindrich"]
[Result "1/2-1/2"]
[WhiteElo "1822"]
[BlackElo "2114"]
[PlyCount "51"]
[EventDate "2005.??.??"]
[EventType "corr"]
[EventRounds "2"]
[SourceDate "2005.02.23"]

1. e4 c5 2. Nf3 d6 3. d4 cxd4 4. Nxd4 Nf6 5. Nc3 g6 6. Be3 Bg7 7. Bb5+ Bd7 8.
Qd2 O-O 9. Bh6 a6 10. Bxg7 Kxg7 11. Bxd7 Nbxd7 12. O-O Rc8 13. Rad1 Ne5 14. Qc1
b5 15. a3 e6 16. f4 Qb6 17. Kh1 Neg4 18. e5 dxe5 19. fxe5 Nd7 20. Ne4 Ngxe5 21.
Qf4 Rcd8 22. b3 h6 23. Nf6 Qb8 24. Ne4 Qb6 25. Nf6 Qb8 26. Ne4 1/2-1/2

[Event "16PCR_ZK03"]
[Site "?"]
[Date "2005.??.??"]
[Round "?"]
[White "Peroutik, Jiri"]
[Black "Mikoska, Josef"]
[Result "1/2-1/2"]
[WhiteElo "1822"]
[BlackElo "2134"]
[PlyCount "55"]
[EventDate "2005.??.??"]
[EventType "corr"]
[EventRounds "2"]
[SourceDate "2005.02.23"]

1. e4 e5 2. Nf3 Nc6 3. Bb5 a6 4. Ba4 Nf6 5. O-O Bc5 6. Nxe5 Nxe5 7. d4 b5 8.
Bb3 Bxd4 9. Qxd4 d6 10. f4 c5 11. Qd2 Neg4 12. e5 O-O 13. exf6 c4 14. fxg7 Re8
15. h3 Qb6+ 16. Kh1 Nf6 17. Bxc4 bxc4 18. Nc3 Bb7 19. b3 Rac8 20. Kh2 Ne4 21.
Nxe4 Bxe4 22. Re1 c3 23. Qe2 d5 24. Be3 d4 25. Bf2 Qd6 26. Rad1 d3 27. cxd3 c2
28. Rc1 1/2-1/2

[Event "16PCR_ZK03"]
[Site "?"]
[Date "2005.??.??"]
[Round "?"]
[White "Peroutik, Jiri"]
[Black "Portych, Vaclav"]
[Result "0-1"]
[WhiteElo "1822"]
[BlackElo "2024"]
[PlyCount "38"]
[EventDate "2005.??.??"]
[EventType "corr"]
[EventRounds "2"]
[SourceDate "2005.02.23"]

1. e4 c5 2. Nf3 Nc6 3. d4 cxd4 4. Nxd4 Nf6 5. Nc3 e5 6. Ndb5 d6 7. Bg5 a6 8.
Bxf6 gxf6 9. Na3 b5 10. Nd5 f5 11. exf5 Bxf5 12. Qf3 Nd4 13. Nc7+ Qxc7 14.
Qxa8+ Ke7 15. c3 b4 16. cxb4 Qb6 17. Bxa6 Qxb4+ 18. Kf1 Bh6 19. Qa7+ Kf6 0-1

[Event "16PCR_ZK03"]
[Site "?"]
[Date "2005.??.??"]
[Round "?"]
[White "Peroutik, Jiri"]
[Black "Tyrlik, Jaroslav"]
[Result "0-1"]
[WhiteElo "1822"]
[BlackElo "1965"]
[PlyCount "66"]
[EventDate "2005.??.??"]
[EventType "corr"]
[EventRounds "2"]
[SourceDate "2005.02.23"]

1. e4 e6 2. d4 d5 3. Nc3 Nf6 4. Bg5 dxe4 5. Nxe4 Be7 6. Bxf6 Bxf6 7. Nf3 O-O 8.
Qd2 Nd7 9. O-O-O Be7 10. Bc4 Nb6 11. Bd3 Nd5 12. Kb1 b6 13. Rhe1 c5 14. Nc3 Bf6
15. Nxd5 exd5 16. Qe3 c4 17. Be2 b5 18. Ne5 b4 19. Bg4 Bxe5 20. Bxc8 Bf6 21.
Bf5 a5 22. Qh3 h6 23. Re3 a4 24. Rg3 Kh8 25. Qg4 g6 26. Qh3 Kh7 27. Bd7 Ra7 28.
Bg4 b3 29. cxb3 axb3 30. axb3 Qb6 31. Rc3 Re8 32. bxc4 Rb8 33. Rb3 Qxb3 0-1

[Event "16PCR_ZK03"]
[Site "?"]
[Date "2005.??.??"]
[Round "?"]
[White "Portych, Vaclav"]
[Black "Binas, Jindrich"]
[Result "1-0"]
[WhiteElo "2024"]
[BlackElo "2114"]
[PlyCount "39"]
[EventDate "2005.??.??"]
[EventType "corr"]
[EventRounds "2"]
[SourceDate "2005.02.23"]

1. c4 Nf6 2. Nc3 e5 3. Nf3 Nc6 4. g3 Bb4 5. Bg2 O-O 6. O-O e4 7. Ne1 Bxc3 8.
dxc3 h6 9. Nc2 Re8 10. Ne3 d6 11. Qc2 b6 12. b3 Bb7 13. a4 a5 14. Nd5 Ne5 15.
Bxe4 Nxe4 16. Qxe4 Qd7 17. Rd1 Bxd5 18. cxd5 Re7 19. Kg2 Rae8 20. Ra2 1-0

[Event "16PCR_ZK03"]
[Site "?"]
[Date "2005.??.??"]
[Round "?"]
[White "Portych, Vaclav"]
[Black "Lucan, Zdenko"]
[Result "1-0"]
[WhiteElo "2024"]
[BlackElo "1559"]
[PlyCount "41"]
[EventDate "2005.??.??"]
[EventType "corr"]
[EventRounds "2"]
[SourceDate "2005.02.23"]

1. c4 e5 2. Nc3 Nf6 3. Nf3 Nc6 4. g3 Be7 5. Bg2 O-O 6. O-O e4 7. Ng5 d5 8. cxd5
Nxd5 9. Ngxe4 Nxc3 10. dxc3 Qxd1 11. Rxd1 b6 12. Bf4 Bd6 13. Nxd6 Bd7 14. Nb5
Be8 15. Nxc7 Rc8 16. Nb5 Kh8 17. Nd6 Ra8 18. Nxe8 Raxe8 19. Bxc6 Rxe2 20. b3
Rc8 21. Kf1 1-0

[Event "16PCR_ZK03"]
[Site "?"]
[Date "2005.??.??"]
[Round "?"]
[White "Portych, Vaclav"]
[Black "Peroutik, Jiri"]
[Result "1-0"]
[WhiteElo "2024"]
[BlackElo "1822"]
[PlyCount "49"]
[EventDate "2005.??.??"]
[EventType "corr"]
[EventRounds "2"]
[SourceDate "2005.02.23"]

1. c4 Nf6 2. Nc3 g6 3. g3 Bg7 4. Bg2 O-O 5. Nf3 d6 6. d4 Nc6 7. O-O a6 8. h3
Bd7 9. e4 e5 10. Be3 exd4 11. Nxd4 Re8 12. Re1 Rb8 13. Nxc6 bxc6 14. Qd2 c5 15.
Rab1 Qc8 16. Kh2 Re5 17. f3 Qd8 18. b3 Qf8 19. Bg5 h6 20. Bxf6 Bxf6 21. Nd5 Bd8
22. f4 Re6 23. Rbd1 Be8 24. e5 c6 25. Ne3 1-0

[Event "16PCR_ZK03"]
[Site "?"]
[Date "2005.??.??"]
[Round "?"]
[White "Portych, Vaclav"]
[Black "Tyrlik, Jaroslav"]
[Result "1-0"]
[WhiteElo "2024"]
[BlackElo "1965"]
[PlyCount "67"]
[EventDate "2005.??.??"]
[EventType "corr"]
[EventRounds "2"]
[SourceDate "2005.02.23"]

1. c4 e5 2. Nc3 Nf6 3. Nf3 Nc6 4. g3 Bb4 5. Bg2 O-O 6. O-O Re8 7. Nd5 Nxd5 8.
cxd5 Nd4 9. Ne1 d6 10. e3 Nf5 11. Nc2 Bc5 12. b4 Bb6 13. Bb2 a5 14. b5 a4 15.
d4 Bd7 16. Qd3 Ra5 17. Bc3 Ra8 18. Rab1 Qf6 19. Rfd1 Nh6 20. dxe5 dxe5 21. Rd2
Bf5 22. e4 Bd7 23. h3 Bc5 24. Bb4 Bb6 25. Ne3 Qg5 26. Bc3 Bxe3 27. Qxe3 Qxe3
28. fxe3 f6 29. Rc2 Rec8 30. Bd2 Nf7 31. Rbc1 Bxb5 32. Rxc7 Nd6 33. Bb4 Bc4 34.
Rxc8+ 1-0

[Event "16PCR_ZK03"]
[Site "?"]
[Date "2005.??.??"]
[Round "?"]
[White "Tyrlik, Jaroslav"]
[Black "Binas, Jindrich"]
[Result "1/2-1/2"]
[WhiteElo "1965"]
[BlackElo "2114"]
[PlyCount "54"]
[EventDate "2005.??.??"]
[EventType "corr"]
[EventRounds "2"]
[SourceDate "2005.02.23"]

1. d4 d5 2. Nc3 Nf6 3. Bg5 c5 4. Bxf6 gxf6 5. e4 dxe4 6. dxc5 Qa5 7. Qh5 Bg7 8.
Bb5+ Nc6 9. Nge2 O-O 10. Bxc6 bxc6 11. Nd4 f5 12. Qg5 h6 13. Qg3 Qxc5 14. Nb3
Qd6 15. Qe3 Ba6 16. Rd1 Qg6 17. Rg1 Rfd8 18. g4 fxg4 19. h3 h5 20. hxg4 h4 21.
Nc5 Bc4 22. N5xe4 f5 23. Ng5 Bxc3+ 24. Qxc3 Rxd1+ 25. Kxd1 Rd8+ 26. Ke1 Qxg5
27. Qxc4+ Rd5 1/2-1/2

[Event "16PCR_ZK03"]
[Site "?"]
[Date "2005.??.??"]
[Round "?"]
[White "Tyrlik, Jaroslav"]
[Black "Majstr, Jiri"]
[Result "0-1"]
[WhiteElo "1965"]
[BlackElo "2006"]
[PlyCount "118"]
[EventDate "2005.??.??"]
[EventType "corr"]
[EventRounds "2"]
[SourceDate "2005.02.23"]

1. d4 d5 2. Nc3 Nf6 3. Bg5 c6 4. Qd3 Qa5 5. f3 Nbd7 6. O-O-O b5 7. a3 b4 8.
axb4 Qxb4 9. e4 Rb8 10. b3 Rb6 11. Nge2 Ba6 12. Qe3 Qa3+ 13. Kb1 e6 14. e5 h6
15. Bh4 Ng8 16. Qc1 Qa5 17. Qb2 Rb8 18. f4 Ne7 19. g4 c5 20. Be1 Qc7 21. dxc5
Nc6 22. Nd4 Bxf1 23. Nxc6 Qxc6 24. Rxf1 Bxc5 25. Na4 O-O 26. Rf3 Rfc8 27. Rfd3
a5 28. Qa2 Bb4 29. Bf2 Rc7 30. Bd4 Rbc8 31. Rc1 Qb5 32. Qb2 Nc5 33. Bxc5 Bxc5
34. c4 Qb4 35. cxd5 Qxf4 36. dxe6 fxe6 37. Qd2 Qxd2 38. Rxd2 Be3 39. Rxc7 Rxc7
40. Re2 Bf4 41. Kb2 Kh7 42. b4 axb4 43. Kb3 Kg6 44. Kxb4 Kg5 45. h3 Kh4 46. Nc5
g5 47. Nxe6 Re7 48. Nxf4 gxf4 49. Kc5 f3 50. Re3 Rf7 51. e6 f2 52. e7 Rxe7 53.
Rf3 Re3 54. Rxf2 Rxh3 55. Kd4 Kxg4 56. Ke4 Ra3 57. Rf4+ Kg3 58. Rf5 Ra4+ 59.
Ke3 Kg4 0-1

[Event "16PCR_ZK03"]
[Site "?"]
[Date "2005.??.??"]
[Round "?"]
[White "Tyrlik, Jaroslav"]
[Black "Mikoska, Josef"]
[Result "1-0"]
[WhiteElo "1965"]
[BlackElo "2134"]
[PlyCount "79"]
[EventDate "2005.??.??"]
[EventType "corr"]
[EventRounds "2"]
[SourceDate "2005.02.23"]

1. d4 g6 2. e4 Bg7 3. c4 d6 4. Nc3 e5 5. dxe5 dxe5 6. Qxd8+ Kxd8 7. f4 Nc6 8.
Nf3 Nd4 9. Bd3 Nxf3+ 10. gxf3 Ne7 11. fxe5 Bxe5 12. Be3 Ke8 13. O-O-O f5 14.
Nd5 Nxd5 15. exd5 f4 16. Bd2 Kf7 17. Rde1 Re8 18. h4 c6 19. Be4 Rb8 20. h5 Bf5
21. hxg6+ Bxg6 22. Bxg6+ hxg6 23. Rxe5 Rxe5 24. Bxf4 Kf6 25. dxc6 bxc6 26.
Bxe5+ Kxe5 27. Rh6 Rg8 28. Kd2 Kf4 29. Ke2 Kg3 30. b4 Rg7 31. c5 Re7+ 32. Kd3
Rg7 33. Ke4 Re7+ 34. Kd4 Rg7 35. Ke5 Kxf3 36. Kf6 Rb7 37. Rxg6 Rxb4 38. Ke5
Re4+ 39. Kd6 Ra4 40. Re6 1-0

[Event "16PCR_ZK03"]
[Site "?"]
[Date "2005.??.??"]
[Round "?"]
[White "Tyrlik, Jaroslav"]
[Black "Peroutik, Jiri"]
[Result "1/2-1/2"]
[WhiteElo "1965"]
[BlackElo "1822"]
[PlyCount "94"]
[EventDate "2005.??.??"]
[EventType "corr"]
[EventRounds "2"]
[SourceDate "2005.02.23"]

1. d4 Nf6 2. Nc3 d5 3. Bg5 Ne4 4. Nxe4 dxe4 5. e3 c6 6. c3 h6 7. Bf4 Nd7 8. Qc2
Nf6 9. Ne2 Bf5 10. Ng3 e6 11. Be2 Bg6 12. O-O Bd6 13. Bxd6 Qxd6 14. Rfd1 O-O
15. Rd2 Rfd8 16. a3 Qe7 17. Rad1 h5 18. c4 h4 19. Nf1 h3 20. Ng3 hxg2 21. Qc3
a5 22. Kxg2 Rdc8 23. a4 Nd7 24. f4 Nf6 25. Qa3 Qxa3 26. bxa3 Rc7 27. Rb2 Rd8
28. Rdb1 Rdd7 29. Nf1 Bf5 30. Kg3 Bg6 31. Nd2 c5 32. dxc5 Bh5 33. Bf1 Rc8 34.
h3 Rxc5 35. Nb3 Rcc7 36. Nxa5 Rd3 37. Rb3 b6 38. Rxd3 exd3 39. Bxd3 Rd7 40. c5
Rxd3 41. cxb6 Rxe3+ 42. Kf2 Rf3+ 43. Kg1 Rg3+ 44. Kh2 Rxa3 45. b7 Nd7 46. Rb6
Bf3 47. Rd6 Bxb7 1/2-1/2

[Event "16PCR_ZK03"]
[Site "?"]
[Date "2005.??.??"]
[Round "?"]
[White "Tyrlik, Jaroslav"]
[Black "Portych, Vaclav"]
[Result "1-0"]
[WhiteElo "1965"]
[BlackElo "2024"]
[PlyCount "121"]
[EventDate "2005.??.??"]
[EventType "corr"]
[EventRounds "2"]
[SourceDate "2005.02.23"]

1. d4 Nf6 2. Nc3 d5 3. Bg5 Nbd7 4. Nf3 e6 5. e4 h6 6. Bh4 dxe4 7. Nxe4 Be7 8.
Nxf6+ Bxf6 9. Bxf6 Qxf6 10. Qd3 c5 11. O-O-O cxd4 12. Qxd4 Qxd4 13. Rxd4 O-O
14. Bb5 Nf6 15. Ne5 b6 16. Bc6 Rb8 17. Rhd1 Bb7 18. Bxb7 Rxb7 19. a4 Rc7 20. c3
Nd5 21. Kc2 a6 22. Nd3 Rfc8 23. Kb3 b5 24. axb5 axb5 25. Nb4 Nb6 26. Rd8+ Kh7
27. Na6 Rc6 28. Rxc8 Nxc8 29. Nb8 Rc4 30. Rd4 Rxd4 31. cxd4 Nd6 32. Kb4 Kg6 33.
Nc6 Kf5 34. Kc5 Ne4+ 35. Kxb5 Nxf2 36. b4 Nd3 37. Kc4 Nf4 38. b5 Nd5 39. Nb4
Nb6+ 40. Kc5 Na4+ 41. Kc6 Ke4 42. d5 exd5 43. Nxd5 Kd3 44. h3 g6 45. Nf6 Ke3
46. Ng4+ Kf4 47. Nxh6 Kg3 48. Nxf7 Kxg2 49. Ne5 g5 50. Nf7 Kxh3 51. Nxg5+ Kg4
52. Ne4 Nb2 53. Nd2 Na4 54. Nb3 Kf5 55. Nc5 Nb2 56. Kd5 Nd1 57. b6 Ne3+ 58. Kd4
Nc2+ 59. Kc3 Na3 60. b7 Nb5+ 61. Kd3 1-0

[Event "16PCR_ZK03"]
[Site "?"]
[Date "2005.??.??"]
[Round "?"]
[White "Binas, Jindrich"]
[Black "Mikoska, Josef"]
[Result "0-1"]
[WhiteElo "2114"]
[BlackElo "2134"]
[PlyCount "32"]
[EventDate "2005.??.??"]
[EventType "corr"]
[EventRounds "2"]
[SourceDate "2005.02.23"]

1. e4 e5 2. f4 Bc5 3. Nf3 d6 4. c3 Nf6 5. d4 exd4 6. cxd4 Bb6 7. e5 Nd5 8. Bc4
dxe5 9. dxe5 c6 10. Nc3 Be6 11. Bxd5 cxd5 12. Qd3 Bg4 13. Qxd5 Nc6 14. h3 Bxf3
15. Qxf3 Nd4 16. Qd3 O-O 0-1